Statistiques concernant Capitales du monde par lettre - K

Cliquez ici pour prendre le quiz!

Statistiques générales

  • Ce quiz a été pris 771 fois
  • Le résultat moyen est 8 sur 11

Statistiques - réponses

Réponse% Correct
Kiev
83%
Kingston
75%
Kigali
74%
Koweït
73%
Kinshasa
69%
Kaboul
68%
Kuala Lumpur
68%
Kingstown
67%
Katmandou
65%
Khartoum
65%
Kampala
63%

Distribution des résultats

Percentile par nombre de réponses

% des personnes avec chaque résultat

Votre développement - résultats

Vous n’avez pas pris ce quiz